000 00320nam a2200133Ia 4500
005 20260328104327.0
008 260328s9999||||xx |||||||||||||| ||und||
100 _aGasparini, Graziano
245 0 _aCasa Venezolana /
_cGraziano Gasparini
260 _bArmitano
300 _a364 p.
650 _aVENEZUELA
942 _cBK
999 _c11580
_d11580